[Event "Titled Tuesday intern op 12th Apr Late"]
[Site "Chess.com INT"]
[Date "2022.04.12"]
[Round "4"]
[White "Nakamura, Hikaru"]
[Black "Indjic, Aleksandar"]
[Result "1-0"]
[WhiteElo "2750"]
[BlackElo "2613"]
[PlyCount "73"]
[EventDate "2022.04.12"]
[EventType "swiss (blitz)"]
[EventRounds "11"]
[EventCountry "USA"]
[SourceTitle "CBM 207 Extra"]
[Source "ChessBase"]
[SourceDate "2022.05.31"]
[SourceVersion "1"]
[SourceVersionDate "2022.05.31"]
[SourceQuality "1"]

1. Nf3 c5 2. b3 d6 3. Bb2 e5 4. e3 f5 ({RR} 4... Nf6 5. d4 cxd4 6. exd4 e4 7. Nfd2 d5 8. c4 Bb4 9. Nc3 O-O 10. Be2 Re8 11. O-O Nc6 12. Nxd5 Nxd5 13. cxd5 Qxd5 14. Nc4 Qg5 15. Bc1 Qg6 16. Bh5 Qf6 17. Bb2 Qg5 18. Kh1 Be6 19. Bc1 {Nakamura,H (2736)-Fedoseev,V (2676) Chess.com INT 2020 ½-½ (71)}) ({RR} 4... g5 5. d4 g4 6. Nfd2 exd4 7. exd4 Bg7 8. Bb5+ Bd7 9. Qe2+ Ne7 10. Bxd7+ Qxd7 11. Na3 Nbc6 12. O-O O-O 13. Nac4 Nxd4 14. Bxd4 Bxd4 15. Rad1 Ng6 16. g3 Rfe8 17. Qd3 Qc6 18. Qf5 b5 19. Ne3 {D'Arruda,R (2271)-Gao,R (2033) chess.com INT 2025 0-1 (50)}) 5. Bb5+ Bd7 $146 ({RR} 5... Nd7 6. O-O a6 7. Be2 Ndf6 8. c4 Nh6 9. Ng5 Be7 10. f4 O-O 11. Nc3 Kh8 12. Qc2 Rb8 13. Rad1 Bd7 14. Nf3 e4 15. Ng5 b5 16. Ba1 b4 17. Na4 Qe8 18. Rfe1 Nhg4 19. h3 h6 20. hxg4 {Yurtseven,M (2388)-Kovchan,A (2548) Ayvalik 2022 0-1}) 6. Bxd7+ Qxd7 7. O-O Nf6 8. Ne1 Nc6 9. f4 Be7 10. c4 Rg8 11. Nc3 Qe6 12. Nf3 e4 13. Ng5 Qd7 14. d3 h6 15. Nh3 exd3 16. Qxd3 O-O-O 17. Rad1 Qe6 18. Nd5 Ne4 19. Nf2 Kb8 20. Nxe4 fxe4 21. Qc2 Bf6 22. f5 Qf7 23. Nxf6 gxf6 24. Qxe4 Ne5 25. Rd2 Rg4 26. Rf4 Rgg8 27. Qd5 Qe7 28. Qe6 Qg7 29. Qd5 h5 30. Rff2 Qe7 31. Qe6 Qg7 32. Rxd6 Nf3+ 33. Kh1 Nxh2 34. Bxf6 Qg3 35. Rxd8+ Rxd8 36. Be5+ Ka8 37. Bxg3 1-0

[Event "Titled Tuesday intern op 12th Apr Late"]
[Site "Chess.com INT"]
[Date "2022.04.12"]
[Round "9"]
[White "Svane, Rasmus"]
[Black "Holt, Conrad"]
[Result "1-0"]
[WhiteElo "2648"]
[BlackElo "2553"]
[PlyCount "87"]
[EventDate "2022.04.12"]
[EventType "swiss (blitz)"]
[EventRounds "11"]
[EventCountry "USA"]
[SourceTitle "CBM 207 Extra"]
[Source "ChessBase"]
[SourceDate "2022.05.31"]
[SourceVersion "1"]
[SourceVersionDate "2022.05.31"]
[SourceQuality "1"]

1. Nf3 d5 2. g3 Bg4 3. Bg2 Nd7 4. O-O e6 5. h3 Bxf3 ({RR} 5... Bh5 6. d4 Ngf6 7. c4 c6 8. cxd5 exd5 9. Qb3 Nb6 10. Nc3 Be7 11. a4 a5 12. Ne5 Bg6 13. f4 Bf5 14. g4 Bc8 15. f5 O-O 16. Bf4 Ne8 17. e4 dxe4 18. Nxe4 Qxd4+ 19. Kh1 Nd5 20. Rad1 {Eljanov,P (2680)-Caruana,F (2828) Chess.com INT 2019 1-0 (39)}) 6. Bxf3 Bd6 ({RR} 6... Ngf6 7. d3 c6 8. e4 Bd6 9. Nd2 O-O 10. d4 dxe4 11. Nxe4 Nxe4 12. Bxe4 Nf6 13. Bg2 Qc7 14. Bg5 Be7 15. c3 Rfd8 16. Qe2 h6 17. Bd2 Rd7 18. Rad1 Rad8 19. Bc1 a6 20. Rfe1 c5 21. Bf4 {Svane,R (2637)-Wadsworth,M (2450) chess.com INT 2024 ½-½ (41)}) 7. e4 $146 ({RR} 7. d3 Ngf6 8. e4 O-O 9. Bg2 c6 10. Qe2 Qb6 11. Kh1 Rad8 12. Nd2 Rfe8 13. Nf3 e5 14. Nh4 Bf8 15. Nf5 Qa6 16. Qf3 dxe4 17. dxe4 Qc4 18. Bg5 h6 19. Be3 Qxc2 20. Rad1 Qc4 21. Rd2 Bb4 {Praggnanandhaa,R (2740)-Holt,C (2540) Samarkand UZB 2023 1-0 (45)}) ({RR} 7. d3 Ngf6 8. e4 O-O 9. Nd2 c6 10. Bg2 Qb6 11. Kh1 Rad8 12. Qe2 Rfe8 13. a4 e5 14. Nb3 Qa6 15. Qf3 h6 16. Bd2 dxe4 17. dxe4 c5 18. Bc3 Nf8 19. Rfd1 b6 20. Bd2 c4 21. Nc1 Bc5 {Svane,R (2637)-Holt,C (2553) Chess.com INT 2022 ½-½ (62)}) 7... c6 8. d4 dxe4 9. Bxe4 Ngf6 10. Bg2 O-O 11. Nd2 Nb6 12. c3 Qc7 13. Nf3 h6 14. a4 Rad8 15. a5 Nc4 16. Qa4 b5 17. axb6 Nxb6 18. Qxa7 Nfd5 19. Qxc7 Bxc7 20. Nd2 Ra8 21. Rxa8 Rxa8 22. Be4 Ra2 23. Bb1 Ra1 24. Bd3 Na4 25. Nb3 Ra2 26. Bb1 Rxb2 27. Bxb2 Nxb2 28. Rc1 e5 29. Be4 Kf8 30. dxe5 Bxe5 31. Nd4 Nxc3 32. Rxc3 Bxd4 33. Rxc6 Be5 34. f4 Bd4+ 35. Kg2 Nd1 36. Rd6 Ne3+ 37. Kf3 Bc5 38. Rc6 Bd4 39. Rc7 g6 40. Bb1 Bb6 41. Rb7 Bc5 42. Ba2 f5 43. Rf7+ Ke8 44. Rg7 1-0

[Event "Titled Tuesday intern op 12th Apr Late"]
[Site "Chess.com INT"]
[Date "2022.04.12"]
[Round "11"]
[White "Nakamura, Hikaru"]
[Black "Andreikin, Dmitry"]
[Result "1-0"]
[WhiteElo "2750"]
[BlackElo "2729"]
[PlyCount "141"]
[EventDate "2022.04.12"]
[EventType "swiss (blitz)"]
[EventRounds "11"]
[EventCountry "USA"]
[SourceTitle "CBM 207 Extra"]
[Source "ChessBase"]
[SourceDate "2022.05.31"]
[SourceVersion "1"]
[SourceVersionDate "2022.05.31"]
[SourceQuality "1"]

1. Nf3 Nf6 2. b3 d5 3. e3 Bf5 4. Bb2 h6 5. g3 e6 6. Bg2 Be7 7. d3 O-O 8. O-O c5 9. Nbd2 Qc7 $146 ({RR} 9... Nc6 10. Ne5 Nxe5 11. Bxe5 Nd7 12. Bb2 Bf6 13. Qc1 Rc8 14. e4 dxe4 15. Nxe4 Bxb2 16. Qxb2 Nb6 17. Nd2 Rc7 18. Rfe1 Qd4 19. Qc1 Rd8 20. a4 Nd5 21. a5 Nc3 22. Nf3 Qd6 23. Ne5 f6 24. Nc4 {Khegay,D (2527)-Gheorghiu,C (2286) Chess.com INT 2021 1-0 (77)}) 10. Ne5 Rd8 11. Qe2 Nbd7 12. Nxd7 Rxd7 13. e4 Bg4 14. f3 Bh5 15. g4 Bg6 16. e5 Ne8 17. f4 f5 18. exf6 Bxf6 19. Bxf6 Nxf6 20. g5 Nh5 21. Qxe6+ Bf7 22. Qg4 hxg5 23. fxg5 g6 24. Rf2 Ng7 25. Re1 Re7 26. Rxe7 Qxe7 27. Re2 Qd6 28. Nf3 Re8 29. Rxe8+ Bxe8 30. Qg3 Qxg3 31. hxg3 Kf7 32. d4 b6 33. Kf2 Ke7 34. Bh3 a5 35. Ke3 Nh5 36. Kf2 a4 37. c3 Ng7 38. Bg4 Ne6 39. Ke3 a3 40. Bxe6 Kxe6 41. g4 c4 42. bxc4 dxc4 43. Nd2 Kd5 44. Nb1 Bd7 45. Nxa3 Bxg4 46. Nc2 Kc6 47. Kf4 Bf5 48. Ne3 Bb1 49. a3 Kb5 50. d5 Kc5 51. Ke5 Bc2 52. d6 Ba4 53. Ke6 Bc6 54. d7 Bxd7+ 55. Kxd7 Kb5 56. Ke6 Ka4 57. Nxc4 b5 58. Nd6 Kxa3 59. Nxb5+ Ka4 60. Kf6 Kxb5 61. Kxg6 Kc4 62. Kf6 Kxc3 63. g6 Kd2 64. g7 Kc1 65. g8=Q Kb1 66. Qg2 Ka1 67. Qd2 Kb1 68. Ke5 Ka1 69. Kd4 Kb1 70. Kc3 Ka1 71. Qb2# 1-0

[Event "Chess.com Rapid Wk10 Swiss"]
[Site "Chess.com INT"]
[Date "2022.04.16"]
[Round "4"]
[White "Nakamura, Hikaru"]
[Black "Andreikin, Dmitry"]
[Result "1-0"]
[WhiteElo "2750"]
[BlackElo "2729"]
[PlyCount "119"]
[EventDate "2022.04.16"]
[EventType "swiss (rapid)"]
[EventRounds "9"]
[EventCountry "USA"]
[SourceTitle "CBM 207 Extra"]
[Source "ChessBase"]
[SourceDate "2022.05.31"]
[SourceVersion "1"]
[SourceVersionDate "2022.05.31"]
[SourceQuality "1"]

1. Nf3 Nf6 2. b3 a5 3. a3 ({RR} 3. c4 a4 4. b4 e5 5. Nxe5 Bxb4 6. a3 Ba5 7. g3 Nc6 8. Bb2 O-O 9. Bg2 Re8 10. Nf3 d5 11. cxd5 Nxd5 12. O-O Bg4 13. Qxa4 Bxf3 14. Bxf3 Bc3 15. Qb3 Nd4 16. Qxd5 Bxb2 17. Ra2 Nxe2+ {Nakamura,H (2750)-Andreikin,D (2729) Chess.com INT 2022 1-0}) 3... g6 ({RR} 3... d6 4. Bb2 e5 5. d3 g6 6. Nbd2 Bg7 7. g3 O-O 8. Bg2 Nc6 9. O-O h6 10. e4 Be6 11. Ne1 d5 12. Nef3 d4 13. Ne1 Qd7 14. a4 Nh7 15. f4 exf4 16. gxf4 f5 17. e5 Bd5 18. Bxd5+ {Yue,T (2047)-Thorhallsson,S (2232) chess.com INT 2025 1-0 (54)}) 4. Bb2 Bg7 5. d4 $146 ({RR} 5. g3 O-O 6. Bg2 c5 7. O-O Nc6 8. d4 Ne4 9. Ne5 d5 10. c4 Nxd4 11. Bxd4 cxd4 12. Qxd4 Qc7 13. f4 e6 14. cxd5 exd5 15. Nd2 Bf5 16. Rac1 Qd8 17. Rfd1 Bxe5 18. fxe5 Qg5 19. Bxe4 dxe4 {Pinto,R (2008)-Quenallata,L (2170) Ciudad del Este 2015 1-0 (36)}) 5... O-O 6. g3 b5 7. e3 Ba6 8. Nbd2 d6 9. b4 c5 10. bxc5 dxc5 11. a4 b4 12. Bxa6 Nxa6 13. O-O cxd4 14. Nxd4 Qd5 15. Qe2 Nc5 16. Rfd1 Rfc8 17. N2b3 Nce4 18. f3 Nd6 19. e4 Qc4 20. Rd3 Nd7 21. f4 Nc5 22. e5 Ndb7 23. Re3 Qxe2 24. Nxe2 e6 25. Nbd4 Rd8 26. c3 Bf8 27. Kf1 Rd5 28. g4 Na6 29. Nb3 Nbc5 30. Nxa5 Nd3 31. Nc4 b3 32. Rb1 Rb8 33. a5 Bc5 34. Rf3 Ba7 35. Ba3 Nac5 36. Nd4 Rc8 37. Nd6 Ra8 38. Nc6 Kg7 39. c4 Nxe5 40. fxe5 Rd2 41. Nxa7 Nd3 42. Nc6 b2 43. Rxf7+ Kh6 44. Bxb2 Nxb2 45. Rf2 Rxf2+ 46. Kxf2 Nd3+ 47. Ke3 Nc5 48. h4 Rf8 49. Rb5 Na4 50. Rb7 Nc5 51. Rf7 Ra8 52. Kf3 g5 53. h5 Nd7 54. Nf5+ exf5 55. Rxd7 Rf8 56. Rd6+ Kg7 57. h6+ Kh8 58. Rf6 Rg8 59. e6 f4 60. e7 1-0

[Event "Titled Tuesday intern op 19th Apr Early"]
[Site "Chess.com INT"]
[Date "2022.04.19"]
[Round "6"]
[White "Svane, Rasmus"]
[Black "Rustemov, Alexander"]
[Result "1-0"]
[WhiteElo "2648"]
[BlackElo "2525"]
[PlyCount "89"]
[EventDate "2022.04.19"]
[EventType "swiss (blitz)"]
[EventRounds "11"]
[EventCountry "USA"]
[SourceTitle "EXT 2023"]
[Source "ChessBase"]
[SourceDate "2022.10.05"]
[SourceVersion "1"]
[SourceVersionDate "2022.10.05"]
[SourceQuality "1"]

1. Nf3 d5 2. g3 c6 3. Bg2 Bf5 4. O-O e6 5. c4 dxc4 ({RR} 5... h6 6. Qb3 Qb6 7. d3 Nf6 8. Be3 Qxb3 9. axb3 a6 10. Nc3 Nbd7 11. cxd5 exd5 12. Nd4 Bg6 13. Nc2 Bd6 14. b4 O-O 15. Bd4 Be5 16. Bxe5 Nxe5 17. Nd4 Ne8 18. h3 Nd6 19. f4 Nd7 20. g4 {Blohberger,F (2532)-Urbina Perez,J (2248) chess.com INT 2025 1-0 (43)}) 6. Nh4 ({RR} 6. a4 Nd7 7. Na3 Bxa3 8. Rxa3 Ngf6 9. Nh4 O-O 10. Nxf5 exf5 11. Qc2 Re8 12. Re3 Qa5 13. Qxc4 Nb6 14. Qc2 Ng4 15. Rxe8+ Rxe8 16. e3 Nxa4 17. b3 Nb6 18. Bb2 Qb5 19. h3 Nf6 20. Ra1 Ne4 {So,W (2789)-Aronian,L (2780) Leuven 2017 1-0 (85)}) 6... Bxb1 7. Rxb1 Nd7 $146 ({RR} 7... Qa5 8. b3 Qxa2 9. Rb2 Qa6 10. bxc4 Nd7 11. Qb3 Nc5 12. Qc2 Rc8 13. d4 Na4 14. Ra2 b5 15. Bf4 Ne7 16. Rc1 g6 17. Be5 Rg8 18. Bf6 Bg7 19. Bxg7 Rxg7 20. Nf3 Rg8 21. Ne5 Qb6 22. cxb5 {Svane,R (2649)-Rustemov,A (2525) Chess.com INT 2022 1-0}) 8. Nf3 Ngf6 9. b3 cxb3 10. Qxb3 Qb6 11. Qc2 Qc7 12. d4 Nb6 13. e4 Be7 14. Bf4 Qc8 15. a4 O-O 16. Ne5 Nbd7 17. Nc4 b6 18. Rfc1 Qb7 19. Bd6 Rfe8 20. Bxe7 Rxe7 21. Na5 Qa6 22. Nxc6 Ree8 23. e5 Nd5 24. Bxd5 exd5 25. Nb4 Qb7 26. Qc6 Qxc6 27. Rxc6 Nf8 28. Rd6 Ne6 29. Rxd5 Red8 30. Rxd8+ Rxd8 31. Nc6 Rd7 32. d5 Nc5 33. a5 g6 34. axb6 axb6 35. Rxb6 Kg7 36. d6 Ne6 37. f4 f6 38. Kf2 Kf7 39. Ke3 h5 40. Nd4 Ra7 41. Rb3 fxe5 42. fxe5 g5 43. Rc3 Ng7 44. Ke4 Ne6 45. Rf3+ 1-0

[Event "Titled Tuesday intern op 19th Apr Early"]
[Site "Chess.com INT"]
[Date "2022.04.19"]
[Round "7"]
[White "Nakamura, Hikaru"]
[Black "Fedoseev, Vladimir1"]
[Result "1-0"]
[WhiteElo "2750"]
[BlackElo "2701"]
[PlyCount "119"]
[EventDate "2022.04.19"]
[EventType "swiss (blitz)"]
[EventRounds "11"]
[EventCountry "USA"]
[SourceTitle "EXT 2023"]
[Source "ChessBase"]
[SourceDate "2022.10.05"]
[SourceVersion "1"]
[SourceVersionDate "2022.10.05"]
[SourceQuality "1"]

1. Nf3 d5 2. b3 c5 3. e3 a6 4. Bb2 Nc6 5. d4 cxd4 6. Nxd4 Qc7 ({RR} 6... Nf6 7. Nxc6 bxc6 8. Nd2 e6 9. c4 Bd6 10. Be2 e5 11. O-O O-O 12. Qc2 Qe7 13. Rfd1 Bb7 14. Rac1 a5 15. Nf3 Rfd8 16. Qb1 Ba6 17. Rc2 Bc8 18. Qa1 Bf5 19. Rcc1 Bg4 20. h3 Bh5 21. Rc2 {Nakamura,H (2775)-Deac,B (2700) chess.com INT 2023 1-0 (40)}) ({RR} 6... Nf6 7. Be2 e6 8. O-O Bd6 9. c4 O-O 10. cxd5 exd5 11. Nd2 Re8 12. Rc1 Bd7 13. Nxc6 bxc6 14. Nf3 Qe7 15. Qd4 a5 16. Bd3 a4 17. Qh4 Ne4 18. Qh5 axb3 19. axb3 Ra2 20. Rc2 Rb8 21. Be5 {Trombini,F (1822)-De Oliveira,G (2147) Florianopolis BRA 2024 ½-½ (37)}) 7. c4 Nxd4 $146 ({RR} 7... dxc4 8. Bxc4 e6 9. Nd2 Nf6 10. Rc1 Bd7 11. Be2 Qb8 12. O-O Bd6 13. h3 O-O 14. Nxc6 Bxc6 15. Bf3 Nd5 16. Nc4 Bc7 17. Qd4 f6 18. Qg4 Qe8 19. Ba3 Rf7 20. Nd6 Bxd6 21. Bxd6 Rd8 22. Bc5 {Cremers,M-Villwock,M (2108) Dortmund 2001 ½-½ (41)}) 8. Qxd4 dxc4 9. Nc3 Nf6 10. Bxc4 e6 11. Rc1 Bc5 12. Qh4 O-O 13. Bd3 Qd8 14. Ne4 Nxe4 15. Qxe4 f5 16. Qe5 Bb4+ 17. Ke2 Rf7 18. Rhd1 Qe8 19. Bxf5 Bd7 20. Bd3 Qf8 21. f3 Bb5 22. a4 Bd6 23. Qd4 Bxd3+ 24. Rxd3 Bxh2 25. Qe4 Qe7 26. Rh1 Qc7 27. Qxe6 Bg3 28. Rc1 Qe7 29. Qxe7 Rxe7 30. Rcd1 Rc8 31. Rd8+ Rxd8 32. Rxd8+ Kf7 33. e4 h5 34. Rd5 g6 35. Bd4 Rc7 36. Rc5 Rd7 37. Be3 Ke6 38. Rg5 h4 39. Rxg6+ Kf7 40. Rh6 Kg7 41. Rh5 Rc7 42. Rc5 Rd7 43. f4 Kg6 44. Rg5+ Kf6 45. Rd5 Rc7 46. Rd6+ Ke7 47. Rd3 Rc2+ 48. Kf3 Rb2 49. Bd4 Rb1 50. Kg4 Re1 51. Kf5 Rf1 52. Bc5+ Ke8 53. Be3 Re1 54. e5 Re2 55. Ke6 Rxg2 56. f5 Rc2 57. f6 Rc6+ 58. Kf5 h3 59. e6 Bd6 60. f7+ 1-0

[Event "Titled Tuesday intern op 19th Apr Early"]
[Site "Chess.com INT"]
[Date "2022.04.19"]
[Round "9"]
[White "Svane, Rasmus"]
[Black "Andreikin, Dmitry"]
[Result "1-0"]
[WhiteElo "2648"]
[BlackElo "2729"]
[PlyCount "103"]
[EventDate "2022.04.19"]
[EventType "swiss (blitz)"]
[EventRounds "11"]
[EventCountry "USA"]
[SourceTitle "EXT 2023"]
[Source "ChessBase"]
[SourceDate "2022.10.05"]
[SourceVersion "1"]
[SourceVersionDate "2022.10.05"]
[SourceQuality "1"]

1. Nf3 d5 2. g3 Nf6 3. Bg2 Bg4 4. O-O e6 5. h3 Bh5 6. d4 c6 7. c4 Nbd7 8. cxd5 exd5 9. Ne5 Bg6 10. Nc3 Bd6 $146 ({RR} 10... Qb6 11. f4 Nxe5 12. fxe5 Nd7 13. e3 Be7 14. h4 h5 15. Bh3 Nf8 16. Bf5 Bxf5 17. Rxf5 g6 18. Rf2 Ne6 19. Qf3 Rf8 20. b3 O-O-O 21. Qg2 Kb8 22. Bd2 g5 23. hxg5 Bxg5 24. Raf1 Qc7 25. Qh3 {Svane,R (2649)-Le,T (2514) Chess.com INT 2022 1-0 (41)}) 11. f4 Be4 12. Nxe4 Nxe4 13. Bxe4 dxe4 14. Qb3 O-O 15. Qxb7 Nf6 16. Nxc6 Qe8 17. Ne5 Rc8 18. Qb3 Rc7 19. Be3 Qa8 20. Rac1 Rb8 21. Qa4 Rxb2 22. Rxc7 Bxc7 23. Rc1 Qb7 24. Qc6 Qxc6 25. Rxc6 Nd5 26. Rc5 Nxe3 27. Rxc7 g6 28. Kf2 Nf5 29. d5 Nd4 30. Ke3 Nf5+ 31. Kxe4 Rxe2+ 32. Kf3 Rxa2 33. g4 Ra3+ 34. Kf2 Ra2+ 35. Ke1 Ne3 36. d6 Ng2+ 37. Kd1 Nxf4 38. d7 Ne6 39. Rc8+ Kg7 40. d8=Q Nxd8 41. Rxd8 Ra3 42. Rd7 Kf6 43. Nd3 Ke6 44. Rd4 f5 45. g5 f4 46. Nxf4+ Ke5 47. Rc4 Rf3 48. Ne2 Rxh3 49. Kd2 Kf5 50. Rc5+ Kg4 51. Ra5 Rh5 52. Nd4 1-0

[Event "Titled Tuesday intern op 19th Apr Late"]
[Site "Chess.com INT"]
[Date "2022.04.19"]
[Round "10"]
[White "Nakamura, Hikaru"]
[Black "Keymer, Vincent"]
[Result "1-0"]
[WhiteElo "2750"]
[BlackElo "2654"]
[PlyCount "77"]
[EventDate "2022.04.19"]
[EventType "swiss (blitz)"]
[EventRounds "11"]
[EventCountry "USA"]
[SourceTitle "EXT 2023"]
[Source "ChessBase"]
[SourceDate "2022.10.05"]
[SourceVersion "1"]
[SourceVersionDate "2022.10.05"]
[SourceQuality "1"]

1. Nf3 d5 2. b3 Bg4 3. e3 c6 ({RR} 3... e6 4. Bb2 Nd7 5. h3 Bh5 6. d3 c6 7. Nbd2 a5 8. a3 h6 9. g4 Bg6 10. Qe2 Ngf6 11. e4 a4 12. b4 c5 13. e5 Ng8 14. b5 h5 15. Bg2 hxg4 16. hxg4 Rxh1+ 17. Bxh1 Nh6 18. c4 {Nisipeanu,L (2678)-Svidler,P (2727) Baku 2015 ½-½}) 4. Bb2 Nd7 5. d3 $146 ({RR} 5. h3 Bh5 6. c4 e6 7. cxd5 exd5 8. Be2 Bg6 9. O-O Ngf6 10. d3 Bd6 11. Nbd2 O-O 12. Nh4 Qe7 13. Nxg6 hxg6 14. Nf3 a5 15. a3 Rfe8 16. Qc2 Bc7 17. Rfc1 Qd6 18. Bf1 g5 19. Bxf6 Qxf6 {Rodriguez Lopez,R (2230)-Hernandez Carmenates,H (2458) Vila de Marin 2005 0-1 (41)}) ({RR} 5. h3 Bh5 6. d3 e6 7. Nbd2 h6 8. g4 Bg6 9. h4 h5 10. g5 a5 11. a3 Ne7 12. e4 a4 13. b4 c5 14. Bh3 Qb6 15. O-O Qc6 16. Re1 b6 17. Qe2 Bh7 18. bxc5 bxc5 19. Rab1 d4 {Wei Yi (2753)-Lodici,L (2564) New York USA 2024 1-0}) 5... Ngf6 6. Nbd2 a5 7. h3 Bh5 8. g4 Bg6 9. Nh4 e5 10. a3 Bd6 11. Bg2 Nc5 12. Nxg6 hxg6 13. g5 Nfd7 14. Qg4 Qe7 15. h4 Ne6 16. c4 Nec5 17. Ke2 d4 18. Rab1 O-O-O 19. b4 Na4 20. c5 Bc7 21. b5 dxe3 22. fxe3 cxb5 23. c6 Kb8 24. cxd7 Rxd7 25. Ba1 Nc5 26. Rxb5 Rxd3 27. Ne4 Ne6 28. Rhb1 Qxa3 29. Rxb7+ Kc8 30. Kf1 Rxe3 31. Kg1 Rd3 32. Nf2 Rd7 33. Qe4 Kd8 34. Bxe5 Bxe5 35. Qxe5 Rxb7 36. Rxb7 Qc1+ 37. Bf1 Qc6 38. Rb8+ Kd7 39. Rxh8 1-0

[Event "Chess.com Rapid Wk11 Swiss"]
[Site "Chess.com INT"]
[Date "2022.04.23"]
[Round "5"]
[White "Nakamura, Hikaru"]
[Black "Narayanan, Sunilduth Lyna"]
[Result "1-0"]
[WhiteElo "2750"]
[BlackElo "2662"]
[PlyCount "99"]
[EventDate "2022.04.23"]
[EventType "swiss (rapid)"]
[EventRounds "9"]
[EventCountry "USA"]
[SourceTitle "CBM 207 Extra"]
[Source "ChessBase"]
[SourceDate "2022.05.31"]
[SourceVersion "1"]
[SourceVersionDate "2022.05.31"]
[SourceQuality "1"]

1. Nf3 d5 2. e3 c5 3. b3 a6 4. Bb2 Nc6 5. d4 Nf6 6. dxc5 e6 7. c4 dxc4 8. Qxd8+ Kxd8 9. Bxc4 Bxc5 10. Ke2 Ke7 11. Rc1 Bd6 12. Nbd2 Bd7 13. Bd3 b5 $146 ({RR} 13... Nb4 14. Bb1 Bb5+ 15. Nc4 Rac8 16. Nfd2 Nc6 17. a4 Bxc4+ 18. Nxc4 Bb4 19. Bd3 Rhd8 20. h3 h5 21. Rc2 Bc5 22. Rd2 Nb4 23. Bb1 Rxd2+ 24. Kxd2 g6 25. Ke2 Nbd5 26. Bd3 Nb4 27. Bb1 g5 28. Bxf6+ {Nakamura,H (2750)-Vidit,S (2723) Chess.com INT 2022 ½-½ (52)}) 14. Ne4 Nxe4 15. Bxe4 Rac8 16. Bxg7 Rhg8 17. Bb2 f5 18. Bxc6 Bxc6 19. g3 b4 20. Ne5 Bb5+ 21. Ke1 a5 22. Nf3 Bc6 23. Nd4 Bd7 24. Rd1 a4 25. bxa4 Bxa4 26. Rd2 Rgd8 27. a3 b3 28. Rad1 Bc7 29. Bc3 Bb6 30. Ne2 Rxd2 31. Rxd2 Bb5 32. Bb4+ Kf7 33. Nc3 Bc4 34. Na4 Bc7 35. f4 e5 36. Rd7+ Kg6 37. Nb2 Bf7 38. h4 h5 39. a4 exf4 40. exf4 Bb8 41. Nd3 Bc4 42. Bc3 Be6 43. Rg7+ Kh6 44. Re7 Bc4 45. Ne5 Bd5 46. Kd2 Bd6 47. Rd7 Bb4 48. Bxb4 b2 49. Be7 b1=N+ 50. Ke3 1-0

[Event "Chess.com Rapid Wk11 Swiss"]
[Site "Chess.com INT"]
[Date "2022.04.23"]
[Round "6"]
[White "Narayanan, Sunilduth Lyna"]
[Black "Alekseenko, Kirill"]
[Result "1-0"]
[WhiteElo "2662"]
[BlackElo "2698"]
[PlyCount "85"]
[EventDate "2022.04.23"]
[EventType "swiss (rapid)"]
[EventRounds "9"]
[EventCountry "USA"]
[SourceTitle "CBM 207 Extra"]
[Source "ChessBase"]
[SourceDate "2022.05.31"]
[SourceVersion "1"]
[SourceVersionDate "2022.05.31"]
[SourceQuality "1"]

1. Nf3 d5 2. b3 c5 3. e3 e6 4. Bb2 Nc6 5. Bb5 Nge7 6. c4 a6 7. Ba4 Bd7 8. O-O b5 9. cxb5 Nb4 10. Nc3 $146 ({RR} 10. bxa6 Bxa4 11. bxa4 Nd3 12. Bc3 Nc6 13. Qe2 c4 14. Ne1 Nxe1 15. Rxe1 Rxa6 16. d3 Rxa4 17. Qc2 Qa8 18. Bb2 Nb4 19. Qd2 Nxd3 20. Nc3 Bb4 21. a3 Nxb2 22. Qxb2 Bxc3 23. Qxc3 O-O 24. h4 h6 {Alahakoon,I (1886)-Bologan,V (2598) chess.com INT 2024 0-1 (49)}) 10... Nd3 11. Qb1 Nxb2 12. Qxb2 Ng6 13. bxa6 Rxa6 14. Rfc1 Bd6 15. Bb5 Ra5 16. a4 O-O 17. Bxd7 Qxd7 18. Nb5 Be7 19. d4 cxd4 20. exd4 Rb8 21. g3 h6 22. Rc7 Qd8 23. Rac1 Bf6 24. Qc2 Raa8 25. Qc6 Bg5 26. Rc3 Qf6 27. h4 Bf4 28. Rb7 Rc8 29. Qxc8+ Rxc8 30. Rxc8+ Kh7 31. Rc3 Qf5 32. a5 e5 33. a6 e4 34. a7 exf3 35. Rxf3 Qg4 36. Rxf4 Nxf4 37. Rxf7 Qd1+ 38. Kh2 Ne2 39. Kg2 Qa1 40. Rf8 Qg1+ 41. Kf3 Nxg3 42. a8=Q Qd1+ 43. Kxg3 1-0

[Event "Chess.com Rapid Wk11 Swiss"]
[Site "Chess.com INT"]
[Date "2022.04.23"]
[Round "7"]
[White "Nakamura, Hikaru"]
[Black "Andreikin, Dmitry"]
[Result "1-0"]
[WhiteElo "2750"]
[BlackElo "2729"]
[PlyCount "49"]
[EventDate "2022.04.23"]
[EventType "swiss (rapid)"]
[EventRounds "9"]
[EventCountry "USA"]
[SourceTitle "CBM 207 Extra"]
[Source "ChessBase"]
[SourceDate "2022.05.31"]
[SourceVersion "1"]
[SourceVersionDate "2022.05.31"]
[SourceQuality "1"]

1. Nf3 Nf6 2. b3 a5 3. c4 ({RR} 3. a3 g6 4. Bb2 Bg7 5. d4 O-O 6. g3 b5 7. e3 Ba6 8. Nbd2 d6 9. b4 c5 10. bxc5 dxc5 11. a4 b4 12. Bxa6 Nxa6 13. O-O cxd4 14. Nxd4 Qd5 15. Qe2 Nc5 16. Rfd1 Rfc8 17. N2b3 Nce4 {Nakamura,H (2750)-Andreikin,D (2729) Chess.com INT 2022 1-0 (60)}) 3... a4 4. b4 $146 ({RR} 4. Bb2 e6 5. e3 b6 6. d4 Bb7 7. Bd3 Be7 8. O-O O-O 9. bxa4 Nc6 10. Nc3 Ra5 11. a3 Rh5 12. h3 Qa8 13. Be2 Rh6 14. Nb5 Rc8 15. Qc2 Na5 16. Nc3 c5 17. Nb5 Be4 18. Qc3 Rxh3 {Garv,G (2006)-Beerdsen,T (2507) chess.com INT 2023 0-1 (38)}) ({RR} 4. Bb2 e6 5. bxa4 d5 6. cxd5 exd5 7. g3 Be7 8. Bg2 O-O 9. O-O Bf5 10. Nc3 c6 11. d4 Qb6 12. Qb3 Qa6 13. Rfc1 Nbd7 14. Ne5 Nxe5 15. dxe5 Nd7 16. h3 Nc5 17. Qb4 Nd3 18. Qxe7 Nxb2 {Liyanage,R (2402)-Tran Manh Tien (2203) chess.com INT 2025 1-0 (44)}) ({RR} 4. bxa4 b6 5. Nc3 Bb7 6. e3 e6 7. Be2 Nc6 8. O-O Ne7 9. Rb1 Ng6 10. d4 Be7 11. c5 O-O 12. Bd2 Ne4 13. cxb6 cxb6 14. Qb3 Nh4 15. Rfd1 Nxc3 16. Bxc3 Be4 17. Rb2 Bd5 18. Qxb6 Qxb6 {Moussard,J (2651)-Andreikin,D (2729) Chess.com INT 2022 ½-½ (42)}) 4... e5 5. Nxe5 Bxb4 6. a3 Ba5 7. g3 Nc6 8. Bb2 O-O 9. Bg2 Re8 10. Nf3 d5 11. cxd5 Nxd5 12. O-O Bg4 13. Qxa4 Bxf3 14. Bxf3 Bc3 15. Qb3 Nd4 16. Qxd5 Bxb2 17. Ra2 Nxe2+ 18. Kg2 Qf6 19. Bxe2 Rxe2 20. Qxb7 Rae8 21. Rxb2 h5 22. Nc3 Re1 23. Rxe1 Rxe1 24. h4 Qf5 25. Rb1 1-0